Central Library OPAC University of Rajshahi

Benson's microbiological applications : (Record no. 36890)

MARC details
000 -LEADER
fixed length control field 01157nam a2200301 a 4500
001 - CONTROL NUMBER
control field 36890
003 - CONTROL NUMBER IDENTIFIER
rucl marc code BD-RjUL
005 - DATE AND TIME OF LATEST TRANSACTION
control field 20211209052544.0
008 - FIXED-LENGTH DATA ELEMENTS--GENERAL INFORMATION
fixed length control field 140922s2005 maua b 001 0 eng
020 ## - INTERNATIONAL STANDARD BOOK NUMBER
International Standard Book Number 0072823984 (spiralbound : acidfree paper)
035 ## - SYSTEM CONTROL NUMBER
System control number (BD-RjUL)36992
040 ## - CATALOGING SOURCE
Original cataloging agency DLC
Transcribing agency DLC
Modifying agency DLC
-- BD-RjUL
Language of cataloging eng
041 ## - LANGUAGE CODE
Language code of text/sound track or separate title eng
082 00 - DEWEY DECIMAL CLASSIFICATION NUMBER
Classification number 579.078
Edition number 22
Author mark and year BEB 2005
100 1# - MAIN ENTRY--PERSONAL NAME
Personal name Benson, Harold J.
9 (RLIN) 112594
245 10 - TITLE STATEMENT
Title Benson's microbiological applications :
Remainder of title laboratory manual in general microbiology /
Statement of responsibility, etc. Alfred E. Brown.
250 ## - EDITION STATEMENT
Edition statement 9th ed., complete version.
260 ## - PUBLICATION, DISTRIBUTION, ETC. (IMPRINT)
Place of publication, distribution, etc. Boston :
Name of publisher, distributor, etc. McGraw-Hill Higher Education,
Date of publication, distribution, etc. c2005.
300 ## - PHYSICAL DESCRIPTION
Pagination xiv, 510 p. :
Illustrations ill. (some col.) ;
Size 28 cm.
504 ## - BIBLIOGRAPHY, ETC. NOTE
Bibliography, etc Includes bibliographical references (p. 499-500) and index.
650 #0 - SUBJECT ADDED ENTRY--TOPICAL TERM
Topical term or geographic name as entry element Microbiology
Form subdivision Laboratory manuals.
9 (RLIN) 112595
856 42 - ELECTRONIC LOCATION AND ACCESS
Materials specified Publisher description
Uniform Resource Identifier <a href="http://www.loc.gov/catdir/description/mh051/2004559167.html">http://www.loc.gov/catdir/description/mh051/2004559167.html</a>
Materials specified Table of contents only
Uniform Resource Identifier <a href="http://www.loc.gov/catdir/enhancements/fy0621/2004559377-t.html">http://www.loc.gov/catdir/enhancements/fy0621/2004559377-t.html</a>
942 ## - ADDED ENTRY ELEMENTS (KOHA)
Source of classification or shelving scheme Dewey Decimal Classification
Koha item type Books
Holdings
Lost status Source of classification or shelving scheme Damaged status Not for loan Permanent Location Current Location Shelving location Date acquired Source of acquisition Cost, normal purchase price Total Checkouts Full call number Date last seen Copy number Koha item type
  Dewey Decimal Classification   Not For Loan Institute of Biological Sciences (IBSc) Library Institute of Biological Sciences (IBSc) Library   22/09/2014 Karim International 1668.00   579.078 BEB 2005 22/09/2014 C-1 Books